| 000 | 00523nam a2200205Ia 4500 | ||
|---|---|---|---|
| 003 | 0100 | ||
| 008 | 130303s9999 xx 000 0 und d | ||
| 040 | _cARRUPELIB | ||
| 050 | _aBF721 .M89 1963 | ||
| 100 | _aMussen, Paul Henry | ||
| 245 | 4 | _aThe Psychological development of the child | |
| 260 | _aEnglewood Cliffs | ||
| 260 | _bPrentice-Hall , Inc. | ||
| 260 | _C1963 | ||
| 300 | _axv | ||
| 300 | _b 109 p. 24 cm. | ||
| 440 | _aFoundations of modern psychology series | ||
| 650 | _aPSYCHOLOGY | ||
| 942 | 0 | 0 | _01 |
| 999 |
_c43640 _d43640 |
||